| 000 | 00487nam a22001817a 4500 | ||
|---|---|---|---|
| 003 | CEME | ||
| 005 | 20210628203020.0 | ||
| 008 | 210128b xxu||||| |||| 00| 0 eng d | ||
| 020 | _a9780349119410 | ||
| 040 | _c. | ||
| 082 | _a813.54 DIV | ||
| 100 |
_aDivakaruni, Chitra _962875 |
||
| 245 | _aQueen of dreams | ||
| 260 |
_aGREAT BRITAIN _bABACUS _c2004 |
||
| 300 | _a307P | ||
| 650 |
_aMOTHERS AND DAUGHTERS.DREAMS-FICTION. INDIA-FICTION. DIVORCED MOTHERS _962876 |
||
| 942 |
_cBK _2ddc |
||
| 999 |
_c571839 _d571839 |
||